| 000 | 00887nam a22002895i 4500 | ||
|---|---|---|---|
| 005 | 20230830103357.0 | ||
| 008 | 131030s2014 inu 000 0 eng | ||
| 010 | _a 2013954094 | ||
| 020 | _a9781118658444 (pbk. : alk. paper) | ||
| 040 |
_aDLC _beng _erda _cDLC |
||
| 042 | _apcc | ||
| 082 |
_a004.869 _bATK-A |
||
| 100 | 1 | _aAtkinson, Brian. | |
| 245 | 1 | 0 |
_aVcp5-dcv : _bvmware certified professional-datacenter virtualization on vsphere 5.5 study guide / _cBrian Atkinson. |
| 250 | _a2nd edition. | ||
| 260 |
_aCanada: _bWiley, _c2014. |
||
| 263 | _a1402 | ||
| 264 | 1 |
_aIndianapolis, IN : _bJohn Wiley and Sons, _c2014. |
|
| 300 | _a818 pages cm | ||
| 336 |
_atext _2rdacontent |
||
| 337 |
_aunmediated _2rdamedia |
||
| 338 |
_avolume _2rdacarrier |
||
| 650 | _aNetworking | ||
| 906 |
_a0 _bibc _corignew _d2 _eepcn _f20 _gy-gencatlg |
||
| 999 |
_c33319 _d33319 |
||